Szczegóły MARC21

Encyklopedia katolicka. T. 1- /

003 -Nazwa inst., której nr kontr. jest w polu 001 [,]
    • @
    • Nazwa instytucji, której n kontrolny jest w polu 001
    • NUKAT
005 -DATA I CZAS OSTATNIEJ MODYFIKACJI [,]
    • @
    • pole kontrolne
    • 20241231113832.0
040 -Instytucja sporządzająca opis [ , ]
    • a
    • Instytucja, która sporządziła opis (NP)
    • KR 127/UZ
    • c
    • Instytucja, która sporządziła rekord (NP)
    • KR 127/UZ
    • d
    • Instytucja, która zmodyfikowała rekord (P)
    • KR 127/UZ
    • d
    • Instytucja, która zmodyfikowała rekord (P)
    • GD 27/AZs
942 -Rodzaj dokumentu [ , ]
    • c
    • Rodzaj dokumentu
    • Książka
245 -Strefa tytułu i oznaczenia odpowiedzialności [0,0]
    • a
    • Tytuł
    • Encyklopedia katolicka. Find
    • n
    • Oznaczenie części (P)
    • T. 1- /
    • c
    • Pozostałe elementy strefy tytułu i oznaczenia odpowiedzialności (NP)
    • pod red. Feliksa Gryglewicza, Romualda Łukaszyka, Zygmunta Sułowskiego ; [aut. Zofia Abramowiczówna et al.] ; Katolicki Uniwersytet Lubelski.
250 -Strefa wydania [ , ]
    • a
    • Oznaczenie wydania (NP)
    • Dodr.
260 -Strefa adresu wydawniczego [ , ]
    • a
    • Miejsce wydania (P)
    • Lublin :
    • b
    • Nazwa wydawcy (P)
    • Towarzystwo Naukowe Katolickiego Uniwersytetu Lubelskiego,
    • c
    • Data wydania (P)
    • 1985-.
300 -Strefa opisu fizycznego [ , ]
    • a
    • Określenie formy książki i/lub objętość (NP)
    • Wol. ;
    • c
    • Format (NP)
    • 26 cm.
336 -Typ zawartości [ , ]
    • a
    • Termin opisujący typ zawartości
    • Tekst
    • b
    • Kod określający zawartość
    • txt
    • 2
    • Źródło (terminu i kodu)
    • rdacontent
337 -Typ mediów [ , ]
    • a
    • Tryb odtwarzania
    • Bez urządzenia pośredniczącego
    • b
    • Kod typu mediów
    • n
    • 2
    • Źródło (terminu i kodu)
    • rdamedia
338 -Typ/rodzaj nośnika [ , ]
    • a
    • Hasło opisujące typ nośnika
    • Wolumin
    • b
    • Kod typu nośnika
    • nc
    • 2
    • Źródło (terminu i kodu)
    • rdacarrier
500 -Uwaga ogólna [ , ]
    • a
    • Uwaga ogólna (NP)
    • Papier na dodruk Encyklopedii Katolickiej (tomy 1-4, Lublin 1985) został zakupiony przez De Rance Foundation. Druk i oprawę wykonano we Włoszech w 1985 roku z diapozytywów wydania zrealizowanego przez Drukarnię "Pallotinum" w Poznaniu w l.1973-1983 (T.1 1973, T. 2 1976, T. 3 1979, T. 4 1983).
504 -Uwaga dot. bibliogr. załącznikowej [ , ]
    • a
    • Uwaga dot. bibliografii załącznikowej
    • Bibliogr. przy hasłach.
650 -Hasło przedmiotowe [ ,7]
    • a
    • Hasło przedmiotowe
    • Kościół katolicki
    • v
    • Określnik formalny
    • encyklopedie.
    • 2
    • Źródło terminu
    • kaba
    • 9
    • KHW
    • 355037
700 -Hasło dodatkowe - nazwa osobowa [1, ]
    • a
    • Nazwa osobowa (NP)
    • Gryglewicz, Feliks Find
    • d
    • Daty biograficzne (NP)
    • (1909-1991).
    • e
    • Określenie rodzaju współpracy
    • Red.
    • 9
    • KHW
    • 236676
700 -Hasło dodatkowe - nazwa osobowa [1, ]
    • a
    • Nazwa osobowa (NP)
    • Łukaszyk, Romuald Find
    • d
    • Daty biograficzne (NP)
    • (1930-1981).
    • e
    • Określenie rodzaju współpracy
    • Red.
    • 9
    • KHW
    • 399933
700 -Hasło dodatkowe - nazwa osobowa [1, ]
    • a
    • Nazwa osobowa (NP)
    • Sułowski, Zygmunt Find
    • d
    • Daty biograficzne (NP)
    • (1920-1995).
    • e
    • Określenie rodzaju współpracy
    • Red.
    • 9
    • KHW
    • 521476
700 -Hasło dodatkowe - nazwa osobowa [1, ]
    • a
    • Nazwa osobowa (NP)
    • Abramowiczówna, Zofia Find
    • d
    • Daty biograficzne (NP)
    • (1906-1988).
    • 9
    • KHW
    • 31997
710 -Hasło dodatkowe - nazwa ciała zbiorowego [2, ]
    • a
    • Nazwa ciała zbiorowego lub nazwa geograficzna jako pierwszy element (NP)
    • Towarzystwo Naukowe Katolickiego Uniwersytetu Lubelskiego.
    • 4
    • Kod relacji
    • pbl
    • 9
    • KHW
    • 9156
710 -Hasło dodatkowe - nazwa ciała zbiorowego [2, ]
    • a
    • Nazwa ciała zbiorowego lub nazwa geograficzna jako pierwszy element (NP)
    • Katolicki Uniwersytet Lubelski.
    • 9
    • KHW
    • 74296
Sygnatura Numer inwentarzowy Status udost. Numer tomu Obwoluta Data inwentaryzacji Lokalizacja
egz.arch.Z.666761T.1 A i Ώ-Babtyści 1996-01-04BG
egz.arch.Z.666771T.2 Bar-Centuriones 1996-01-04BG
egz.arch.Z.666781T.3 Cenzor-Dobszewicz 1996-01-04BG
egz.arch.Z.666791T.4 Docent-Ezzo 1996-01-04BG
 Z.794171T.5 Fabbri-Górzyński 1996-01-04BG
 Z.974651T.8 Język-Kino 2001-07-12BG
 Z.929981T.7 Ignoratio Elenchi-Jędrzejów 1998-12-17BG
 Z.1039831T.10 Krzyszkowski-Lozay 2005-02-03BG
 Z.1118401T.12 Maryja-Modlitwa12008-11-27BG
 Z.1138451T.13 Modlitwa-Notyfikacja12010-01-27BG
 Z.1146371T.14 Nouet-Pastoralis Officii12010-11-03BG
 Z.1156521T.15 Pastoralna psychologia-Porphyreon12011-11-09BG
 Z.1159611T.16 Podpora-Reptowski12012-04-27BG
 Z.1167341T.17 Republika-Serbia12013-02-07BG
 Z.1183371T.19 Szczepkowski-Użhorodzka unia12014-03-27BG
 Z.1193581T.20 Vác-Żywy Różaniec12014-12-22BG
 Z.1172271T.18 Serbowie-Szczepański12013-10-04BG
 Z.996201T.9 Kinszasa-Krzymuska 2003-01-07BG
 Z.1083581T.11 Lu An-"Maryawita" 2007-04-04BG
 Z.87643 T.6 Graal-Ignorancja  BG
 F.187271T.1 A i Ώ-Babtyści 1996-01-04BNS
 F.187281T.2 Bar-Centuriones 1996-01-04BNS
 F.187291T.3 Cenzor-Dobszewicz 1996-01-04BNS
 F.18730-3T.4 Docent-Ezzo 1996-01-04BNS
 H.167381T.4 Docent-Ezzo12007-10-09BNS
 F.25081-3T.5 Fabbri-Górzyński 1996-01-04BNS
 H.55991T.5 Fabbri-Górzyński 1996-01-04BNS
 F.159852T.4 Docent-Ezzo 1996-01-04BNS
 H.167392T.5 Fabbri-Górzyński12007-10-09BNS
 H.99531T.8 Język-Kino 2001-07-12BNS
 F.30412-3T.8 Język-Kino 2001-07-12BNS
 H.167422T.8 Język-Kino12007-10-09BNS
 H.116741T.9 Kinszasa-Krzymuska 2003-01-07BNS
 F.31064-3T.9 Kinszasa-Krzymuska 2003-01-07BNS
 H.167432T.9 Kinszasa-Krzymuska12007-10-09BNS
 F.28664-3T.7 Ignoratio Elenchi-Jędrzejów 1998-12-17BNS
 H.167412T.7 Ignoratio Elenchi-Jędrzejów12007-10-09BNS
 H.77571T.7 Ignoratio Elenchi-Jędrzejów 1998-12-17BNS
 H.135231T.10 Krzyszkowski-Lozay 2005-02-03BNS
 H.135242T.10 Krzyszkowski-Lozay 2005-02-03BNS
 H.157291T.11 Lu An-"Maryawita" 2007-04-04BNS
 H.157301T.11 Lu An-"Maryawita" 2007-04-04BNS
 H.182511T.12 Maryja-Modlitwa12008-11-27BNS
 H.18963-3T.13 Modlitwa-Notyfikacja12010-01-27BNS
 H.189641T.13 Modlitwa-Notyfikacja12010-01-27BNS
 H.18252-3T.12 Maryja-Modlitwa12008-11-27BNS
 H.196881T.14 Nouet-Pastoralis Officii12010-11-03BNS
 H.19689-3T.14 Nouet-Pastoralis Officii12010-11-03BNS
 H.216831T.16 Podpora-Reptowski12012-04-27BNS
 H.216842T.16 Podpora-Reptowski12012-04-27BNS
 H.214771T.15 Pastoralna psychologia-Porphyreon12011-11-09BNS
 H.21478-3T.15 Pastoralna psychologia-Porphyreon12011-11-09BNS
 H.244191T.17 Republika-Serbia12013-02-07BNS
 H.24420-3T.17 Republika-Serbia12013-02-07BNS
 H.255661T.19 Szczepkowski-Użhorodzka unia12014-03-27BNS
 H.25567-3T.19 Szczepkowski-Użhorodzka unia12014-03-27BNS
 H.267881T.20 Vác-Żywy Różaniec12014-12-22BNS
 H.26789-3T.20 Vác-Żywy Różaniec12014-12-22BNS
 H.249681T.18 Serbowie-Szczepański12013-10-04BNS
 H.24969-3T.18 Serbowie-Szczepański12013-10-04BNS